El comportamiento del aluminio y sus aleaciones

-д хадгалсан:
Номзүйн дэлгэрэнгүй
Үндсэн зохиолч: Vargel, Christian (Зохиогч)
Формат: Ном
Хэл сонгох:испани
Хэвлэсэн: Bilbao Urmo 1981
Цуврал:Enciclopedia del Aluminio, 7
Нөхцлүүд:
Шошгууд: Шошго нэмэх
Шошго байхгүй, Энэхүү баримтыг шошголох эхний хүн болох!

MARC

LEADER 00000nam a2200000 a 4500
001 UCP1546
003 CL-VaPUC
008 990416e19810000SP |||||||||||||||||spa|d
082 0 4 |a 669.722  |b VAR  |2 21 
100 0 |a Vargel, Christian  |e author  |9 427647 
245 1 3 |a El comportamiento del aluminio y sus aleaciones 
300 |a 269 p 
942 |c BK 
945 |d 19990416 00:00:00  |a cmena 
260 |a Bilbao  |b Urmo  |c 1981 
650 0 |a Aluminio  |9 359516 
650 0 |a Aleaciones de aluminio  |9 367005 
650 0 |a Metales   |9 260686 
650 7 |a MATERIAS PRIMAS  |2 CL-VaPUC  |9 380358 
650 0 |a Resistencia de materiales  |9 260095 
650 0 |a Propiedades mecánicas   |9 262507 
650 7 |a CORROSION  |2 CL-VaPUC  |9 271912 
583 |a last modification  |c 19990416 00:00:00  |k Rodrigo Vera 
490 0 |a Enciclopedia del Aluminio, 7 
999 |c 280215  |d 280213 
952 |0 0  |1 0  |4 0  |6 669_722000000000000_VAR_1981  |7 0  |8 A  |9 320453  |a BIBMEC  |b BIBMEC  |d 2019-11-20  |i 1341693  |o 669.722 VAR 1981  |p 1341693  |r 2024-01-19  |w 2019-11-20  |y BK  |k MEC